Accelerating change (Record no. 102463)

MARC details
000 -LEADER
fixed length control field 01353cam a2200289 4500
001 - CONTROL NUMBER
control field
008 - FIXED-LENGTH DATA ELEMENTS--GENERAL INFORMATION
fixed length control field 020425n2002 000 0 eng u
020 ## - INTERNATIONAL STANDARD BOOK NUMBER
International Standard Book Number 1898671281
035 ## - SYSTEM CONTROL NUMBER
System control number (Sirsi) u120049
050 ## - LIBRARY OF CONGRESS CALL NUMBER
Classification number 690.068
-- 21
110 ## - MAIN ENTRY--CORPORATE NAME
Corporate name or jurisdiction name as entry element Strategic Forum for Construction
9 (RLIN) 4358
245 ## - TITLE STATEMENT
Title Accelerating change
Remainder of title a report by the Strategic Forum for Construction chaired by Sir John Egan
Medium [electronic resource]
260 ## - PUBLICATION, DISTRIBUTION, ETC.
Place of publication, distribution, etc. London
Name of publisher, distributor, etc. Rethinking Construction
Date of publication, distribution, etc. 2002
300 ## - PHYSICAL DESCRIPTION
Extent 42p.
Dimensions 30cm.
350 ## - PRICE (NR) (BK AM CF MU VM SE) [OBSOLETE]
Price 15
520 ## - SUMMARY, ETC.
Summary, etc. Building on and reaffirming the principles set out in "Rethinking construction" (ISBN 1851120947) this report sets out a vision and strategic targets for the UK construction industry. The report also commits the Strategic Forum for Construction and the Construction Best Practice Programme to a number of actions and makes recommendations regarding client leadership, education, health and safety and insolvency.
650 ## - SUBJECT ADDED ENTRY--TOPICAL TERM
Topical term or geographic name entry element ACCELERATING CHANGE
650 ## - SUBJECT ADDED ENTRY--TOPICAL TERM
Topical term or geographic name entry element CONSTRUCTION INDUSTRY
650 ## - SUBJECT ADDED ENTRY--TOPICAL TERM
Topical term or geographic name entry element DISPUTES
650 ## - SUBJECT ADDED ENTRY--TOPICAL TERM
Topical term or geographic name entry element EGAN REFORMS
650 ## - SUBJECT ADDED ENTRY--TOPICAL TERM
Topical term or geographic name entry element KEY PERFORMANCE INDICATORS
650 ## - SUBJECT ADDED ENTRY--TOPICAL TERM
Topical term or geographic name entry element LATHAM REFORMS
650 ## - SUBJECT ADDED ENTRY--TOPICAL TERM
Topical term or geographic name entry element PAYMENT PROCEDURES
690 ## - LOCAL SUBJECT ADDED ENTRY--TOPICAL TERM (OCLC, RLIN)
Topical term or geographic name as entry element BUILT ENVIRONMENT
856 ## - ELECTRONIC LOCATION AND ACCESS
Uniform Resource Identifier <a href="https://www.strategicforum.org.uk/pdf/report_sept02.pdf">https://www.strategicforum.org.uk/pdf/report_sept02.pdf</a>
Public note View this item free of charge at www.strategicforum.org.uk
942 ## - ADDED ENTRY ELEMENTS (KOHA)
Suppress in OPAC 0
Holdings
Withdrawn status Lost status Source of classification or shelving scheme Damaged status Not for loan Home library Current library Shelving location Date acquired Cost, normal purchase price Total Checkouts Full call number Barcode Date last seen Date last checked out Copy number Cost, replacement price Price effective from Koha item type
    Dewey Decimal Classification     Virtual Virtual Online 20/11/2002 15.84 6 F690.068 STR 30068019 06/08/2019 05/05/2004 1 15.84 06/08/2019 Book